000 00848nas a2200277 4500
001 BR0500895
003 BR-BrBNA
005 20231205105131.0
007 ta
008 230509b bl.|||p| |||| 00| 00por d
040 _aBR-BrBNA
_bpor
_cBiblioteca Nacional de Agricultura
041 _a(Pt)
072 _aF70; H20
100 1 _aBicudo, C.E. de M.
100 1 _aPereira, F.C.
245 1 _aCriptógamos do Parque Estadual das Fontes do Ipiranga, São Paulo, SP: algas, 16:: Chlorophyceae (ulotrichales)
650 _aALGA
650 _aCRIPTÓGAMO
650 _aPARQUE ESTADUAL
650 _aTAXONOMIA VEGETAL
650 _aCOMPOSIÇÃO BOTÂNICA
650 _aSÃO PAULO
773 0 _tHoehnea (Brazil)
_xISSN 0073-2877
_g(Apr 2003), v. 30(1) p. 31-37
_wBR0500895
909 _a202311
_bLúcia
_c55
_dLúcia Elande
942 _2AGRIS
_n0
_cANA
999 _c181410
_d181410